000 00640nam a2200193 4500
001 132748
003 ES-MaACL
005 20250829043321.0
007 t|
008 070214s1930 sp r ||||1| spa d
100 1 _aRos, Samuel.
_999579
245 1 3 _aEl ventrílocuo y la muda
_b: novela /
_cpor Samuel Ros.
260 _aMadrid :
_bBiblioteca Nueva,
_c1930.
300 _a269 p., 1 lám. = retr. aut. ;
_c19 cm.
490 1 _aCol. de Grandes Novelas Humorísticas
830 0 0 _aColección de grandes novelas humorísticas (Biblioteca Nueva)
_9231881
852 _aES-MaACL
_jC-4176
_bR.21127
999 _c132748
_d132748